<?xml version="1.0" encoding="UTF-8"?>
<record
    xmlns:xsi="http://www.w3.org/2001/XMLSchema-instance"
    xsi:schemaLocation="http://www.loc.gov/MARC21/slim http://www.loc.gov/standards/marcxml/schema/MARC21slim.xsd"
    xmlns="http://www.loc.gov/MARC21/slim">

  <leader>02369nam a22002177a 4500</leader>
  <controlfield tag="001">8659</controlfield>
  <controlfield tag="003">FISKH</controlfield>
  <controlfield tag="005">20251008160937.0</controlfield>
  <controlfield tag="008">251008b        cb ||||| |||| 00| 0 eng d</controlfield>
  <datafield tag="040" ind1=" " ind2=" ">
    <subfield code="a">FISKH</subfield>
    <subfield code="b">eng</subfield>
    <subfield code="c">FISKH</subfield>
    <subfield code="d">FISKH</subfield>
  </datafield>
  <datafield tag="050" ind1=" " ind2=" ">
    <subfield code="a">HQ755.8</subfield>
  </datafield>
  <datafield tag="082" ind1=" " ind2=" ">
    <subfield code="a">649.1</subfield>
  </datafield>
  <datafield tag="100" ind1=" " ind2=" ">
    <subfield code="a">Medina, John </subfield>
  </datafield>
  <datafield tag="245" ind1=" " ind2=" ">
    <subfield code="a">Brain rules for baby: </subfield>
    <subfield code="b">How to raise a smart and happy child from zero to five /</subfield>
    <subfield code="c">John Medina</subfield>
  </datafield>
  <datafield tag="260" ind1=" " ind2=" ">
    <subfield code="a">Washington : </subfield>
    <subfield code="b">Pear Press, </subfield>
    <subfield code="c">2010. </subfield>
  </datafield>
  <datafield tag="300" ind1=" " ind2=" ">
    <subfield code="a">294 pages : </subfield>
    <subfield code="b">color illustrations ; </subfield>
    <subfield code="c">25 cm</subfield>
  </datafield>
  <datafield tag="520" ind1=" " ind2=" ">
    <subfield code="a">What's the single most important thing you can do during pregnancy? What does watching TV do to a child's brain? What's the best way to handle temper tantrums? Scientists know. In his New York Times bestseller Brain Rules, Dr. John Medina showed us how our brains really work, and why we ought to redesign our workplaces and schools. Now, in Brain Rules for Baby, he shares what the latest science says about how to raise smart and happy children from zero to five. This book is destined to revolutionize parenting. Just one of the surprises: The best way to get your children into the college of their choice? Teach them impulse control. Brain Rules for Baby bridges the gap between what scientists know and what parents practice. Through fascinating and funny stories, Medina, a developmental molecular biologist and dad, unravels how a child's brain develops and what you can do to optimize it. You will view your children, and how to raise them, in a whole new light. You'll learn: Where nature ends and nurture begins. Why men should do more household chores. What you do when emotions run hot affects how your baby turns out, because babies need to feel safe above all. TV is harmful for children under 2Your child's ability to relate to others predicts her future math performance. Smart and happy are inseparable. Pursuing your child's intellectual success at the expense of his happiness achieves neither. Praising effort is better than praising intelligence. The best predictor of academic performance is not IQ. It's self-control. What you do right now--before pregnancy, during pregnancy, and through the first five years--will affect your children for the rest of their lives. Brain Rules for Baby is an indispensable guide. </subfield>
  </datafield>
  <datafield tag="650" ind1=" " ind2=" ">
    <subfield code="a">Brain Development</subfield>
    <subfield code="v">Parenting</subfield>
    <subfield code="x">Psychology</subfield>
  </datafield>
  <datafield tag="942" ind1=" " ind2=" ">
    <subfield code="2">ddc</subfield>
    <subfield code="c">BK</subfield>
    <subfield code="n">0</subfield>
  </datafield>
  <datafield tag="999" ind1=" " ind2=" ">
    <subfield code="c">8659</subfield>
    <subfield code="d">8659</subfield>
  </datafield>
  <datafield tag="952" ind1=" " ind2=" ">
    <subfield code="0">0</subfield>
    <subfield code="1">0</subfield>
    <subfield code="2">ddc</subfield>
    <subfield code="4">0</subfield>
    <subfield code="7">0</subfield>
    <subfield code="8">NFIC</subfield>
    <subfield code="a">001</subfield>
    <subfield code="b">001</subfield>
    <subfield code="c">LSHTK</subfield>
    <subfield code="d">2025-10-08</subfield>
    <subfield code="l">0</subfield>
    <subfield code="o">MED 649.1 HQ755.8 </subfield>
    <subfield code="p">2025-4502</subfield>
    <subfield code="r">2025-10-08 16:09:35</subfield>
    <subfield code="t">1</subfield>
    <subfield code="w">2025-10-08</subfield>
    <subfield code="y">BK</subfield>
  </datafield>
</record>
